<?xml version="1.0" encoding="UTF-8"?>
<record
    xmlns:xsi="http://www.w3.org/2001/XMLSchema-instance"
    xsi:schemaLocation="http://www.loc.gov/MARC21/slim http://www.loc.gov/standards/marcxml/schema/MARC21slim.xsd"
    xmlns="http://www.loc.gov/MARC21/slim">

  <leader>03105nab a22006137a 4500</leader>
  <controlfield tag="003">AR-RoUNA</controlfield>
  <datafield tag="022" ind1=" " ind2=" ">
    <subfield code="a">03282384</subfield>
  </datafield>
  <datafield tag="040" ind1=" " ind2=" ">
    <subfield code="a">AR-RoUNA</subfield>
    <subfield code="b">spa</subfield>
  </datafield>
  <datafield tag="041" ind1=" " ind2=" ">
    <subfield code="a">spa</subfield>
    <subfield code="h">spa</subfield>
  </datafield>
  <datafield tag="044" ind1=" " ind2=" ">
    <subfield code="a">ag</subfield>
  </datafield>
  <datafield tag="110" ind1=" " ind2=" ">
    <subfield code="9">8413</subfield>
    <subfield code="a">Secretaria de Ciencia y T&#xE9;cnica.</subfield>
    <subfield code="b">Bolet&#xED;n de la Secretaria </subfield>
  </datafield>
  <datafield tag="245" ind1=" " ind2=" ">
    <subfield code="a">Ciencia y Tecnica</subfield>
    <subfield code="h">N&#xBA; 10</subfield>
    <subfield code="b">Bolet&#xED;n de la Secretar&#xED;a</subfield>
  </datafield>
  <datafield tag="260" ind1=" " ind2=" ">
    <subfield code="a">Buenos Aires :</subfield>
    <subfield code="b">UP,</subfield>
    <subfield code="c">1994</subfield>
  </datafield>
  <datafield tag="300" ind1=" " ind2=" ">
    <subfield code="a">73. p. :</subfield>
    <subfield code="b">plantas</subfield>
    <subfield code="b">fot. byn.</subfield>
    <subfield code="c">26x 20 cm</subfield>
  </datafield>
  <datafield tag="505" ind1=" " ind2=" ">
    <subfield code="t">PANORAMA . p. 3</subfield>
  </datafield>
  <datafield tag="505" ind1=" " ind2=" ">
    <subfield code="a">Acto de la inauguraci&#xF3;n de la Escuela Superior Latinoamericana de Inform&#xE1;tica. p. 5 </subfield>
  </datafield>
  <datafield tag="505" ind1=" " ind2=" ">
    <subfield code="a">El Instituto Nacional de Tecnolog&#xED;a Industrial (INTI). p. 8</subfield>
  </datafield>
  <datafield tag="505" ind1=" " ind2=" ">
    <subfield code="t">CONICET. p. 14 </subfield>
  </datafield>
  <datafield tag="505" ind1=" " ind2=" ">
    <subfield code="a">Instituto de Desarrollo Tecnol&#xF3;gico para la Industria Qu&#xED;mica (INTEC)  de  Santa Fe. p. 14 </subfield>
  </datafield>
  <datafield tag="505" ind1=" " ind2=" ">
    <subfield code="a">Planta Piloto de Ingenier&#xED;a Qu&#xED;mica (PLAPIQUI) de Bah&#xED;a  Blanca. p.17 </subfield>
  </datafield>
  <datafield tag="505" ind1=" " ind2=" ">
    <subfield code="a">Absorci&#xF3;n de energ&#xED;a c&#xF3;smica por el Cometa Hallery. p. 21</subfield>
  </datafield>
  <datafield tag="505" ind1=" " ind2=" ">
    <subfield code="a">Estructura y direcci&#xF3;n del CONICET. p. 23 </subfield>
  </datafield>
  <datafield tag="505" ind1=" " ind2=" ">
    <subfield code="t">COORDINACION Y PLANIFICACION. p. 25 </subfield>
  </datafield>
  <datafield tag="505" ind1=" " ind2=" ">
    <subfield code="a">Convenio SECYT- COFIRENE. p. 25</subfield>
  </datafield>
  <datafield tag="505" ind1=" " ind2=" ">
    <subfield code="a">Foro nacional de micro aprovechamientos hidroel&#xE9;ctricas. p. 27</subfield>
  </datafield>
  <datafield tag="505" ind1=" " ind2=" ">
    <subfield code="a">Proyectos  aprobados  por el sistema de regionalizaci&#xF3;n. p. 31</subfield>
  </datafield>
  <datafield tag="505" ind1=" " ind2=" ">
    <subfield code="a">Taller sobre planificaci&#xF3;n y coordinaci&#xF3;n de actividades cient&#xED;ficas - tecnol&#xF3;gicas en  misiones. p. 33</subfield>
  </datafield>
  <datafield tag="505" ind1=" " ind2=" ">
    <subfield code="t">INFORMATICA. p. 35</subfield>
  </datafield>
  <datafield tag="505" ind1=" " ind2=" ">
    <subfield code="a">Noticias  de Programa Nacional de Electr&#xF3;nica e Inform&#xE1;tica. p. 35 </subfield>
  </datafield>
  <datafield tag="505" ind1=" " ind2=" ">
    <subfield code="a">Seminario sobre  pol&#xED;tica  y tendencias econ&#xF3;micas y tecnol&#xF3;gicas en informaci&#xF3;n. p.37 </subfield>
  </datafield>
  <datafield tag="505" ind1=" " ind2=" ">
    <subfield code="a">Ier. Congreso Federal de Inform&#xE1;tica en la Educaci&#xF3;n. p. 40</subfield>
  </datafield>
  <datafield tag="505" ind1=" " ind2=" ">
    <subfield code="a">Inform&#xE1;tica y derechos individuales. p. 41 </subfield>
  </datafield>
  <datafield tag="505" ind1=" " ind2=" ">
    <subfield code="t">COOPERACION INTERNACIONAL. p. 42 </subfield>
  </datafield>
  <datafield tag="505" ind1=" " ind2=" ">
    <subfield code="a">Encuentros internacionales sobre biotecnolog&#xED;a: Foro Argentino - Brasile&#xF1;o y Encuentro Franco- Argentino sobre Biotecnolog&#xED;a. p. 42 </subfield>
  </datafield>
  <datafield tag="505" ind1=" " ind2=" ">
    <subfield code="a">Programa  de Cooperaci&#xF3;n con Suecia. p. 51</subfield>
  </datafield>
  <datafield tag="505" ind1=" " ind2=" ">
    <subfield code="t">BECAS , CURSOS Y REUNIONMES CIENTIFICAS. p. 53</subfield>
  </datafield>
  <datafield tag="505" ind1=" " ind2=" ">
    <subfield code="a">IIdo. Encuentro de profesionales y t&#xE9;cnicos de la actividad de control de Chagas y de atenci&#xF3;n primaria de la salud. p. 53</subfield>
  </datafield>
  <datafield tag="505" ind1=" " ind2=" ">
    <subfield code="a">IIdo. Seminario Taller de investigaci&#xF3;n en ciencia sociales  y salud. p. 57</subfield>
  </datafield>
  <datafield tag="505" ind1=" " ind2=" ">
    <subfield code="t">DIVULGACION CIENTIFICA  Y TECNOLOGICA. p. 62 </subfield>
  </datafield>
  <datafield tag="505" ind1=" " ind2=" ">
    <subfield code="a">Vilma Stolfi de Rotolo: Productos qu&#xED;micos y sistema inmunol&#xF3;gicos. p. 62</subfield>
  </datafield>
  <datafield tag="505" ind1=" " ind2=" ">
    <subfield code="a">Nuevas publicaciones de la SECYT. p. 65 </subfield>
  </datafield>
  <datafield tag="505" ind1=" " ind2=" ">
    <subfield code="a">Publicaciones recibidas. p. 66</subfield>
  </datafield>
  <datafield tag="505" ind1=" " ind2=" ">
    <subfield code="t">DOCUMENTOS. p. 69 </subfield>
  </datafield>
  <datafield tag="505" ind1=" " ind2=" ">
    <subfield code="a">Juan Cesar Garc&#xED;a entrevista a Juan Cesar Garc&#xED;a. p. 69</subfield>
  </datafield>
  <datafield tag="505" ind1=" " ind2=" ">
    <subfield code="t">Fe de erratas. p. 73</subfield>
  </datafield>
  <datafield tag="650" ind1=" " ind2=" ">
    <subfield code="a">Arquitectura</subfield>
    <subfield code="9">11395</subfield>
  </datafield>
  <datafield tag="650" ind1=" " ind2=" ">
    <subfield code="a">Ciencia</subfield>
    <subfield code="9">11396</subfield>
  </datafield>
  <datafield tag="773" ind1="0" ind2=" ">
    <subfield code="a">Bolet&#xED;n de la Secretar&#xED;a: Ciencia y T&#xE9;cnica</subfield>
    <subfield code="d">Buenos Aires, Aller Atucha y Asociados. 1988</subfield>
    <subfield code="g">nro.10 (ago-1986), 73.p</subfield>
    <subfield code="x">03265773</subfield>
  </datafield>
  <datafield tag="856" ind1=" " ind2=" ">
    <subfield code="u">www.secyt.unlu.edu.ar</subfield>
  </datafield>
  <datafield tag="908" ind1=" " ind2=" ">
    <subfield code="a">Imp</subfield>
  </datafield>
  <datafield tag="942" ind1=" " ind2=" ">
    <subfield code="2">udc</subfield>
    <subfield code="c">ART</subfield>
  </datafield>
  <datafield tag="945" ind1=" " ind2=" ">
    <subfield code="a">MBP</subfield>
    <subfield code="d">2018-06-12</subfield>
  </datafield>
  <datafield tag="980" ind1=" " ind2=" ">
    <subfield code="8">1</subfield>
    <subfield code="g">Maricel Allasia</subfield>
    <subfield code="6">1</subfield>
    <subfield code="a">Maricel Allasia</subfield>
  </datafield>
  <datafield tag="999" ind1=" " ind2=" ">
    <subfield code="c">12461</subfield>
    <subfield code="d">12461</subfield>
  </datafield>
  <datafield tag="952" ind1=" " ind2=" ">
    <subfield code="0">0</subfield>
    <subfield code="1">0</subfield>
    <subfield code="2">udc</subfield>
    <subfield code="4">0</subfield>
    <subfield code="5">0</subfield>
    <subfield code="7">0</subfield>
    <subfield code="a">AR-RoUNA</subfield>
    <subfield code="b">AR-RoUNA</subfield>
    <subfield code="c">Heme</subfield>
    <subfield code="d">2026-06-08</subfield>
    <subfield code="e">Don</subfield>
    <subfield code="l">0</subfield>
    <subfield code="p">1002974</subfield>
    <subfield code="r">2026-06-08</subfield>
    <subfield code="t">ej. 1</subfield>
    <subfield code="w">2026-06-08</subfield>
    <subfield code="y">ART</subfield>
    <subfield code="k">K342</subfield>
    <subfield code="x"></subfield>
  </datafield>
</record>
